000 00945nam a22002177a 4500
003 0
005 20250205140233.0
008 250205b xxu||||| |||| 00| 0 eng d
050 _aHF 5429.235
_b.P85 2023
100 _aPuli, Windy Lyn I.
245 _aDevelopment of a made to order mobile application for garments dedicated to Southville International School and Colleges Tropical Palms.
_cWindy Lyn I. Puli
260 _aLas Pinas City
_bSouthville International School and Colleges
_c2023
300 _axv, 299 pages:
_bcolored pictures and illustration;
_c28cm.
500 _aBachelor of Science in Information Technology.
504 _aIncludes bibliographical references and appendices.
650 _aMade-to-order Garment Systems.
650 _aE-Commerce platforms -- Custom Clothing.
650 _aCustom Uniform Ordering -- Educational Institutions.
650 _aFashion Technology -- Mobile Shopping Apps.
942 _2lcc
_cTH
999 _c367141
_d367141